Loading...
| Fine Arts - Classical Music | 2 | 5 | 1 | 1 | 75 | 44 | 92.00 | 1 | 4 | 25.87 | 40.00 |
| Fine Arts - Painting and Sculpture | 2 | 4 | 1 | 1 | 65 | 20 | 77.33 | 2 | 4 | 30.02 | 40.00 |
| Literature - Long Fiction | 2 | 1 | 0 | 0 | 40 | 52 | 72.33 | 1 | 3 | 12.65 | 22.62 |
| Fine Arts - Other | 0 | 3 | 1 | 1 | 25 | 116 | 127.00 | 0 | 2 | 3.28 | 11.43 |
| Other Academic | 0 | 2 | 0 | 0 | 20 | 91 | 106.50 | 0 | 0 | 5.77 | 10.00 |
| Religion | 0 | 2 | 0 | 1 | 20 | 132 | 132.00 | 0 | 1 | 0.81 | 10.71 |
| Mythology | 0 | 2 | 1 | 2 | 15 | 133 | 140.00 | 0 | 0 | 0.40 | 10.20 |
| Literature - Short Fiction | 1 | 0 | 0 | 0 | 15 | 74 | 74.00 | 0 | 0 | 27.30 | 28.57 |
| Short Fiction and Other | 1 | 0 | 0 | 0 | 15 | 81 | 81.00 | 1 | 1 | 6.67 | 12.24 |
| History - World | 1 | 1 | 2 | 0 | 15 | 52 | 64.00 | 0 | 1 | 7.25 | 8.57 |
| Literature - Misc | 0 | 1 | 0 | 0 | 10 | 110 | 110.00 | 0 | 1 | 27.63 | 71.43 |
| History - American | 0 | 1 | 0 | 0 | 10 | 94 | 94.00 | 0 | 1 | 4.56 | 10.71 |
| Geography | 0 | 1 | 0 | 1 | 10 | 127 | 127.00 | 0 | 1 | 0.19 | 7.14 |
| Literature - Poetry | 0 | 1 | 2 | 0 | 0 | 93 | 93.00 | 0 | 1 | 4.56 | 8.57 |
| History - Other | 0 | 0 | 1 | 0 | -5 | 0.00 | 0 | 0 | 0.00 | 0.00 | |
| Literature - Drama | 0 | 0 | 2 | 0 | -10 | 0.00 | 0 | 0 | 0.00 | 0.00 | |
| Social Science | 0 | 0 | 2 | 0 | -10 | 0.00 | 0 | 0 | 0.00 | 0.00 |